|
|
|
|
| LEADER |
00000nam0a2200000 4500 |
| 001 |
116616 |
| 005 |
20231031123255.0 |
| 035 |
|
|
|a (RuTPU)RU\TPU\book\126205
|
| 090 |
|
|
|a 116616
|
| 100 |
|
|
|a 20070524d2007 k y0rusy50 ca
|
| 101 |
0 |
|
|a rus
|
| 102 |
|
|
|a RU
|
| 105 |
|
|
|a y dm 001zy
|
| 200 |
1 |
|
|a Национальная конкурентоспособность и конвертируемость валюты
|e автореферат диссертации на соискание ученой степени кандидата экономических наук
|e спец. 08.00.01
|f Е. А. Гершанович
|g Томский политехнический университет; науч. рук. Ю. С. Нехорошев
|
| 210 |
|
|
|a Томск
|c [Б. и.]
|d 2007
|
| 215 |
|
|
|a 26 с.
|
| 300 |
|
|
|a Защита состоится 19 апреля 2007.
|
| 320 |
|
|
|a Библиогр.: с. 25-26 (14 назв.).
|
| 610 |
1 |
|
|a экономика
|
| 610 |
1 |
|
|a национальная экономика
|
| 610 |
1 |
|
|a Россия
|
| 610 |
1 |
|
|a конкурентоспособность
|
| 610 |
1 |
|
|a денежное обращение
|
| 610 |
1 |
|
|a валюта
|
| 610 |
1 |
|
|a валютный рынок
|
| 610 |
1 |
|
|a конвертируемость
|
| 610 |
1 |
|
|a авторефераты диссертаций
|
| 686 |
|
|
|a У012.2
|v LBC/SL-A
|2 rubbk
|
| 686 |
|
|
|a 08.00.01
|2 oksvnk
|
| 686 |
|
|
|a У9(2)262.6
|v LBC/SL-A
|2 rubbk
|
| 700 |
|
1 |
|a Гершанович
|b Е. А.
|g Елена Анатольевна
|
| 702 |
|
1 |
|a Нехорошев
|b Ю. С.
|g Юрий Сергеевич
|4 727
|
| 712 |
0 |
2 |
|a Томский политехнический университет
|z 1991-
|2 stltpush
|3 (RuTPU)RU\TPU\col\376
|
| 801 |
|
1 |
|a RU
|b 63413507
|c 20070524
|g PSBO
|
| 801 |
|
2 |
|a RU
|b 63413507
|c 20070904
|g PSBO
|
| 942 |
|
|
|c BK
|